Score 0/49 Timer 20:00
0 Plays Today
% Correct
Beatrice Prior
100%
Tobias Eaton
97.7%
Caleb Prior
94.9%
Christina
93.5%
Will
92.6%
Natalie Prior
91.7%
Peter Hayes
91.7%
Al
90.3%
Andrew Prior
89.8%
Eric
89.8%
Marcus Eaton
88.9%
Jeanine Matthews
86.1%
Max
86.1%
Uriah Pedrad
86.1%
Edward
86.1%
Molly Atwood
83.3%
Evelyn Johnson-Eaton
83.3%
Zeke Pedrad
82.4%
Lynn
81%
Drew
80.6%
Marlene
80.1%
Tori Wu
80.1%
Johanna Reyes
80.1%
Myra
74.1%
David
71.8%
% Correct
Jack Kang
69.9%
Susan Black
68.5%
George Wu
68.1%
Robert Black
67.1%
Shauna
66.7%
Cara
63.4%
Amar
57.9%
Juanita
56.5%
Hector
52.8%
Matthew
50.9%
Lauren
49.1%
Fernando
48.6%
Rita
42.1%
Bud
38.9%
Edith Prior
34.7%
Harrison
30.1%
Hana Pedrad
28.2%
Zoe
27.3%
Kee
21.3%
Bobby
19.9%
Therese
14.4%
Reggie
13.9%
Elia
13%
Norton
7.9%
Remove Ads.
Support Sporcle.
Get the best of Sporcle when you Go Orange. This ad-free experience offers more features, more stats, and more fun while also helping to support Sporcle. Thank you for becoming a member.

You're not logged in!

Compare scores with friends on all Sporcle quizzes.
OR
Log In

Show Comments

Extras

Top Quizzes Today


Score Distribution

Your Account Isn't Verified!

In order to create a playlist on Sporcle, you need to verify the email address you used during registration. Go to your Sporcle Settings to finish the process.

Report this User

Report this user for behavior that violates our Community Guidelines.

Details: